[Event "World Senior Championship S65+"]
[Site "Katerini"]
[Date "2014.10.24"]
[Round "1.13"]
[White "Chirinos Cabrera, Cleren Jesus"]
[Black "Filipenko, Alexander V"]
[Result "0-1"]
[WhiteElo "2009"]
[BlackElo "2292"]
[EventDate "2014.10.24"]

1. Nf3 {[%clk 1:29:49]} d5 {[%clk 1:30:52]} 2. d3 {[%clk 1:29:18]} Nc6
{[%clk 1:28:17]} 3. c3 {[%clk 1:28:56]} g6 {[%clk 1:24:16]} 4. Qa4
{[%clk 1:26:15]} Bg7 {[%clk 1:23:49]} 5. e4 {[%clk 1:23:47]} e5 {[%clk 1:14:08]}
6. b4 {[%clk 1:17:53]} Nge7 {[%clk 1:13:14]} 7. b5 {[%clk 1:12:14]} Nb8
{[%clk 1:12:47]} 8. Qb3 {[%clk 1:06:55]} O-O {[%clk 1:06:53]} 9. Bb2
{[%clk 1:04:13]} a6 {[%clk 1:01:56]} 10. c4 {[%clk 1:00:52]} d4 {[%clk 1:00:01]}
11. a4 {[%clk 0:55:58]} Nd7 {[%clk 0:57:12]} 12. Ba3 {[%clk 0:56:02]} c5
{[%clk 0:52:05]} 13. bxc6 {[%clk 0:48:37]} bxc6 {[%clk 0:51:39]} 14. Nbd2
{[%clk 0:48:57]} c5 {[%clk 0:48:44]} 15. Be2 {[%clk 0:47:16]} Rb8
{[%clk 0:46:38]} 16. Qc2 {[%clk 0:47:45]} Nc6 {[%clk 0:45:47]} 17. O-O Nb4
{[%clk 0:44:51]} 18. Qd1 {[%clk 0:47:25]} f5 {[%clk 0:40:48]} 19. Ne1
{[%clk 0:42:12]} Nf6 {[%clk 0:36:47]} 20. Bf3 {[%clk 0:35:00]} Bd7
{[%clk 0:34:01]} 21. Bc1 {[%clk 0:30:46]} Qc8 {[%clk 0:28:45]} 22. Qe2
{[%clk 0:30:15]} f4 {[%clk 0:26:57]} 23. g3 {[%clk 0:25:41]} g5 {[%clk 0:25:49]}
24. gxf4 {[%clk 0:22:21]} exf4 {[%clk 0:20:29]} 25. Bg2 {[%clk 0:20:54]} h6
{[%clk 0:15:13]} 26. f3 {[%clk 0:20:30]} Be6 {[%clk 0:13:19]} 27. Kh1
{[%clk 0:20:23]} Nd7 {[%clk 0:12:45]} 28. Rg1 {[%clk 0:20:28]} Ne5
{[%clk 0:13:06]} 29. Bf1 {[%clk 0:20:34]} Qe8 {[%clk 0:12:30]} 30. Qg2
{[%clk 0:20:21]} Qh5 {[%clk 0:12:17]} 31. Be2 {[%clk 0:20:49]} Qh4
{[%clk 0:11:41]} 32. Qf1 {[%clk 0:20:18]} Kh7 {[%clk 0:11:21]} 33. Ng2
{[%clk 0:20:37]} Qh3 {[%clk 0:10:41]} 34. Ne1 {[%clk 0:20:26]} Qh4
{[%clk 0:09:25]} 35. Ng2 {[%clk 0:20:41]} Qh5 {[%clk 0:09:42]} 36. Ne1
{[%clk 0:20:28]} Bf6 {[%clk 0:08:35]} 37. Bd1 {[%clk 0:19:28]} Be7
{[%clk 0:08:06]} 38. Qe2 {[%clk 0:19:38]} Rg8 {[%clk 0:07:36]} 39. Nf1
{[%clk 0:17:35]} Qh3 {[%clk 0:06:11]} 40. Ra3 {[%clk 0:46:17]} Rbf8
{[%clk 0:34:54]} 41. Nc2 {[%clk 0:36:42]} Nxc2 {[%clk 0:32:45]} 42. Bxc2
{[%clk 0:33:26]} Qxf3+ {[%clk 0:31:03]} 43. Rg2 {[%clk 0:33:42]} Qxe2
{[%clk 0:25:56]} 44. Rxe2 {[%clk 0:34:10]} Ng4 {[%clk 0:25:38]} 45. Bb3
{[%clk 0:27:04]} Rb8 {[%clk 0:24:35]} 46. Ba2 {[%clk 0:27:22]} Rb7
{[%clk 0:24:19]} 47. Nd2 {[%clk 0:27:32]} Rgb8 {[%clk 0:22:08]} 48. Nb3
{[%clk 0:26:38]} Ne3 {[%clk 0:20:59]} 49. Kg1 {[%clk 0:21:10]} Nd1
{[%clk 0:19:35]} 50. Re1 {[%clk 0:16:45]} Nc3 {[%clk 0:19:50]} 0-1

[Event "World Senior Championship S65+"]
[Site "Katerini"]
[Date "2014.10.24"]
[Round "1.20"]
[White "Kolbak, Jens"]
[Black "Belokopyt, Boris"]
[Result "1-0"]
[WhiteElo "2232"]
[BlackElo "1943"]
[EventDate "2014.10.24"]

1. d4 {[%clk 1:30:44]} d5 {[%clk 1:30:54]} 2. Nf3 {[%clk 1:31:00]} Nf6
{[%clk 1:31:00]} 3. c4 {[%clk 1:31:07]} e6 {[%clk 1:30:57]} 4. Nc3
{[%clk 1:31:10]} c6 {[%clk 1:30:56]} 5. e3 {[%clk 1:31:12]} Be7 {[%clk 1:30:25]}
6. Bd3 {[%clk 1:28:52]} O-O {[%clk 1:30:15]} 7. cxd5 exd5 {[%clk 1:30:23]} 8. h3
{[%clk 1:27:19]} Re8 {[%clk 1:29:22]} 9. O-O {[%clk 1:27:39]} Nbd7
{[%clk 1:29:09]} 10. a3 {[%clk 1:25:43]} b6 {[%clk 1:28:53]} 11. b4
{[%clk 1:25:19]} Bb7 {[%clk 1:28:50]} 12. Rb1 {[%clk 1:23:04]} Qc8
{[%clk 1:28:24]} 13. Bd2 {[%clk 1:13:29]} c5 {[%clk 1:27:18]} 14. bxc5
{[%clk 1:12:43]} bxc5 {[%clk 1:27:24]} 15. dxc5 {[%clk 1:10:48]} Nxc5
{[%clk 1:27:39]} 16. Bb5 {[%clk 1:10:57]} Rd8 {[%clk 1:27:38]} 17. Nd4
{[%clk 1:10:04]} a6 {[%clk 1:26:57]} 18. Be2 {[%clk 1:09:13]} Rb8
{[%clk 1:25:20]} 19. Na4 {[%clk 1:06:45]} Nfe4 {[%clk 1:23:06]} 20. Nb6
{[%clk 1:02:44]} Qc7 {[%clk 1:23:03]} 21. Ba5 {[%clk 1:01:23]} Qe5
{[%clk 1:23:00]} 22. f4 {[%clk 0:53:50]} Qf6 {[%clk 1:22:48]} 23. Bf3
{[%clk 0:53:41]} Rd6 {[%clk 1:22:37]} 24. Na4 {[%clk 0:49:57]} Rd7
{[%clk 1:22:08]} 25. Bg4 {[%clk 0:47:04]} Bd8 {[%clk 1:21:44]} 26. Nxc5
{[%clk 0:41:00]} Nxc5 {[%clk 1:21:50]} 27. Bxd7 {[%clk 0:38:38]} Bxa5
{[%clk 1:22:08]} 28. Nc6 {[%clk 0:31:30]} Nxd7 {[%clk 1:17:56]} 29. Nxb8 Nb6
{[%clk 1:17:56]} 30. Qd4 {[%clk 0:20:46]} Qd6 {[%clk 1:17:58]} 31. Rfc1
{[%clk 0:16:52]} f6 32. Nc6 Bxc6 {[%clk 1:16:17]} 33. Rxb6 {[%clk 0:15:34]} 1-0

[Event "World Senior Championship S65+"]
[Site "Katerini"]
[Date "2014.10.25"]
[Round "2.20"]
[White "Reynolds, D Ian W"]
[Black "Balashov, Yuri S"]
[Result "0-1"]
[WhiteElo "2006"]
[BlackElo "2429"]
[EventDate "2014.10.24"]

1. e4 {[%clk 1:30:57]} c5 {[%clk 1:30:46]} 2. c3 {[%clk 1:31:08]} e6
{[%clk 1:30:53]} 3. d4 {[%clk 1:30:07]} d5 {[%clk 1:31:15]} 4. exd5
{[%clk 1:29:45]} exd5 {[%clk 1:31:36]} 5. Nf3 {[%clk 1:29:44]} Nc6
{[%clk 1:31:25]} 6. Bb5 {[%clk 1:28:48]} Bd6 {[%clk 1:31:31]} 7. O-O
{[%clk 1:27:19]} Nge7 {[%clk 1:31:34]} 8. dxc5 {[%clk 1:26:44]} Bxc5
{[%clk 1:31:57]} 9. Nbd2 {[%clk 1:26:39]} O-O {[%clk 1:32:19]} 10. Nb3
{[%clk 1:26:44]} Bb6 {[%clk 1:31:59]} 11. Bd3 {[%clk 1:22:58]} Ng6
{[%clk 1:17:00]} 12. Re1 {[%clk 1:10:41]} Re8 {[%clk 1:02:21]} 13. Rxe8+
{[%clk 0:56:02]} Qxe8 {[%clk 1:00:09]} 14. Bf1 {[%clk 0:55:11]} Qd8
{[%clk 0:55:01]} 15. Nbd4 {[%clk 0:48:03]} Bg4 {[%clk 0:52:59]} 16. Be3
{[%clk 0:40:47]} Nxd4 {[%clk 0:49:27]} 17. cxd4 {[%clk 0:39:44]} Qf6
{[%clk 0:48:42]} 18. Be2 {[%clk 0:39:30]} Nf4 {[%clk 0:48:55]} 19. Bxf4
{[%clk 0:34:52]} Qxf4 {[%clk 0:49:18]} 20. h3 {[%clk 0:34:14]} Bf5
{[%clk 0:45:58]} 21. Qc1 {[%clk 0:27:15]} Qe4 {[%clk 0:41:09]} 22. Qd2
{[%clk 0:23:02]} Rc8 {[%clk 0:40:30]} 23. Re1 {[%clk 0:22:38]} Qc2
{[%clk 0:31:04]} 24. Qxc2 {[%clk 0:17:55]} Bxc2 {[%clk 0:28:31]} 25. Rc1
{[%clk 0:17:56]} Bf5 {[%clk 0:28:53]} 26. Rxc8+ {[%clk 0:18:06]} Bxc8
{[%clk 0:29:17]} 27. Bd3 {[%clk 0:18:06]} h6 {[%clk 0:29:07]} 28. Kf1
{[%clk 0:16:24]} g5 {[%clk 0:26:39]} 29. Ke2 {[%clk 0:11:46]} f5 {[%clk 0:25:49]}
30. Ke3 {[%clk 0:11:18]} Kg7 {[%clk 0:25:49]} 31. Bc2 {[%clk 0:10:19]} Kf6
{[%clk 0:25:51]} 32. Bb3 {[%clk 0:09:17]} f4+ {[%clk 0:26:11]} 33. Kd2
{[%clk 0:09:10]} Be6 {[%clk 0:26:16]} 34. a3 {[%clk 0:07:09]} h5 {[%clk 0:25:58]}
35. Kc3 {[%clk 0:05:08]} Ba5+ {[%clk 0:25:27]} 36. Kd3 {[%clk 0:05:21]} Bf5+
{[%clk 0:25:22]} 37. Ke2 {[%clk 0:05:42]} Be4 {[%clk 0:25:36]} 38. g4
{[%clk 0:04:52]} hxg4 {[%clk 0:25:11]} 39. hxg4 {[%clk 0:05:15]} Bb6
{[%clk 0:25:23]} 40. Ba2 {[%clk 0:34:22]} Bxf3+ {[%clk 0:54:48]} 41. Kxf3
{[%clk 0:34:45]} Ke6 {[%clk 0:55:14]} 42. b3 {[%clk 0:33:51]} Bxd4
{[%clk 0:55:37]} 43. Ke2 {[%clk 0:34:01]} Ke5 {[%clk 0:52:00]} 44. f3
{[%clk 0:33:57]} Bb2 {[%clk 0:52:20]} 45. Kd3 {[%clk 0:32:24]} Bxa3
{[%clk 0:52:42]} 46. Bb1 {[%clk 0:32:23]} Kd6 {[%clk 0:51:51]} 47. Kc3
{[%clk 0:31:27]} Kc5 {[%clk 0:52:11]} 48. Bc2 {[%clk 0:31:23]} Bb4+
{[%clk 0:52:31]} 49. Kd3 {[%clk 0:31:36]} a5 {[%clk 0:52:46]} 50. Bd1
{[%clk 0:31:40]} Be1 {[%clk 0:52:43]} 51. Ke2 {[%clk 0:30:41]} Bc3
{[%clk 0:51:02]} 52. Kd3 {[%clk 0:31:04]} Be5 {[%clk 0:51:13]} 53. Bc2
{[%clk 0:30:53]} Kb4 {[%clk 0:51:18]} 54. Bd1 {[%clk 0:31:08]} b5
{[%clk 0:50:47]} 55. Kc2 {[%clk 0:29:52]} a4 {[%clk 0:49:26]} 56. bxa4
{[%clk 0:30:03]} bxa4 {[%clk 0:49:52]} 57. Be2 {[%clk 0:29:50]} a3
{[%clk 0:50:10]} 58. Kb1 {[%clk 0:30:00]} Kc3 {[%clk 0:50:29]} 59. Bd1
{[%clk 0:26:34]} d4 {[%clk 0:50:40]} 0-1

[Event "World Senior Championship S65+"]
[Site "Katerini"]
[Date "2014.10.25"]
[Round "2.23"]
[White "Peretz, Malkiel"]
[Black "Morriss, Pete"]
[Result "1-0"]
[WhiteElo "2240"]
[BlackElo "2032"]
[EventDate "2014.10.24"]

1. e4 {[%clk 1:30:54]} c6 {[%clk 1:30:31]} 2. d4 {[%clk 1:31:10]} d5
{[%clk 1:30:51]} 3. Nd2 {[%clk 1:30:42]} dxe4 {[%clk 1:31:13]} 4. Nxe4
{[%clk 1:31:04]} Nf6 {[%clk 1:31:27]} 5. Nxf6+ {[%clk 1:31:18]} gxf6
{[%clk 1:31:49]} 6. c3 {[%clk 1:30:51]} Bf5 {[%clk 1:32:04]} 7. Nf3
{[%clk 1:30:54]} Nd7 {[%clk 1:31:56]} 8. g3 {[%clk 1:29:35]} e6 {[%clk 1:30:51]}
9. Bg2 {[%clk 1:28:43]} Bg7 {[%clk 1:27:15]} 10. O-O {[%clk 1:24:31]} O-O
{[%clk 1:27:37]} 11. Nh4 {[%clk 1:21:18]} Bg6 {[%clk 1:27:30]} 12. f4
{[%clk 1:18:54]} f5 {[%clk 1:24:37]} 13. Nf3 {[%clk 1:14:29]} Bh5
{[%clk 1:16:03]} 14. Be3 {[%clk 1:01:18]} Qe7 {[%clk 1:03:07]} 15. Qb3
{[%clk 0:58:31]} Nf6 {[%clk 0:55:43]} 16. h3 {[%clk 0:51:38]} Ne4
{[%clk 0:52:17]} 17. Kh2 {[%clk 0:46:51]} Kh8 {[%clk 0:48:53]} 18. Nd2
{[%clk 0:41:18]} Bg6 {[%clk 0:32:20]} 19. Qc2 {[%clk 0:34:35]} Nf6
{[%clk 0:30:08]} 20. Rae1 {[%clk 0:33:09]} Rad8 {[%clk 0:27:15]} 21. b4
{[%clk 0:28:33]} Rg8 {[%clk 0:25:03]} 22. Bf2 {[%clk 0:25:51]} h5
{[%clk 0:21:55]} 23. Nf3 {[%clk 0:21:46]} Ne4 {[%clk 0:20:48]} 24. Nh4
{[%clk 0:20:27]} Bh7 {[%clk 0:16:12]} 25. Bxe4 {[%clk 0:17:47]} fxe4
{[%clk 0:16:27]} 26. Qe2 {[%clk 0:18:03]} e3 {[%clk 0:10:41]} 27. Bxe3
{[%clk 0:15:18]} Bf6 {[%clk 0:10:17]} 28. Nf3 {[%clk 0:14:11]} h4
{[%clk 0:08:32]} 29. g4 {[%clk 0:13:09]} Qc7 {[%clk 0:05:23]} 30. Qf2
{[%clk 0:10:08]} a5 {[%clk 0:03:37]} 31. a3 {[%clk 0:09:03]} Rg6 {[%clk 0:03:26]}
32. Ne5 {[%clk 0:06:36]} Rg7 {[%clk 0:02:22]} 33. g5 {[%clk 0:06:28]} Be4
{[%clk 0:01:52]} 34. Bc1 {[%clk 0:04:33]} Bd5 {[%clk 0:02:02]} 35. Rg1
{[%clk 0:04:45]} Bxe5 {[%clk 0:02:21]} 36. fxe5 {[%clk 0:05:07]} Rh7
{[%clk 0:02:29]} 37. Qf6+ {[%clk 0:05:08]} Rg7 {[%clk 0:02:11]} 38. g6
{[%clk 0:05:05]} Rdg8 {[%clk 0:01:54]} 39. Qxh4+ {[%clk 0:05:24]} 1-0

[Event "World Senior Championship S65+"]
[Site "Katerini"]
[Date "2014.10.25"]
[Round "2.26"]
[White "Batakovs, Olegs"]
[Black "Zamahari, Abang Draup"]
[Result "1-0"]
[WhiteElo "2098"]
[BlackElo "1603"]
[EventDate "2014.10.24"]

1. e4 {[%clk 1:30:55]} e5 {[%clk 1:30:50]} 2. Nf3 {[%clk 1:31:17]} Nc6
{[%clk 1:31:12]} 3. Bb5 {[%clk 1:31:38]} d6 {[%clk 1:30:58]} 4. d4
{[%clk 1:31:56]} Bd7 {[%clk 1:29:52]} 5. d5 {[%clk 1:28:53]} Nb8 {[%clk 1:29:29]}
6. Be2 {[%clk 1:28:18]} Nf6 {[%clk 1:29:44]} 7. Nbd2 {[%clk 1:23:00]} h6
{[%clk 1:30:07]} 8. h3 {[%clk 1:22:17]} Be7 {[%clk 1:30:25]} 9. O-O
{[%clk 1:22:16]} O-O {[%clk 1:30:50]} 10. c4 {[%clk 1:20:40]} b6 {[%clk 1:30:51]}
11. b4 {[%clk 1:16:59]} a5 {[%clk 1:30:46]} 12. b5 {[%clk 1:17:08]} Nh7
{[%clk 1:29:41]} 13. Bd3 {[%clk 1:16:12]} Be8 {[%clk 1:28:33]} 14. Re1
{[%clk 1:14:56]} Nd7 {[%clk 1:28:47]} 15. Nf1 {[%clk 1:13:39]} Qc8
{[%clk 1:23:11]} 16. Ng3 {[%clk 1:13:16]} Nc5 {[%clk 1:23:15]} 17. Nf5
{[%clk 1:11:24]} Qd8 {[%clk 1:20:24]} 18. Be3 {[%clk 1:03:43]} Nd7
{[%clk 1:19:52]} 19. Qd2 {[%clk 0:54:42]} Kh8 20. Kh2 {[%clk 0:52:42]} Rg8
{[%clk 1:10:00]} 21. Bc2 {[%clk 0:51:58]} f6 {[%clk 1:07:32]} 22. N3h4
{[%clk 0:49:09]} Ng5 {[%clk 1:06:04]} 23. Qe2 {[%clk 0:44:33]} Nf8
{[%clk 1:04:22]} 24. g3 {[%clk 0:39:34]} Bf7 {[%clk 1:03:41]} 25. f4
{[%clk 0:37:32]} Ngh7 {[%clk 1:03:25]} 26. fxe5 {[%clk 0:35:28]} fxe5
{[%clk 1:03:14]} 27. Nxe7 {[%clk 0:34:22]} Qxe7 {[%clk 1:03:16]} 28. Rf1
{[%clk 0:31:43]} g5 {[%clk 1:02:01]} 29. Nf5 {[%clk 0:31:55]} Qd7
{[%clk 0:54:44]} 30. Nxh6 {[%clk 0:31:35]} Rg7 {[%clk 0:55:05]} 31. Rf2
{[%clk 0:29:43]} Bg8 {[%clk 0:52:38]} 32. Raf1 {[%clk 0:26:44]} Ng6
{[%clk 0:50:09]} 33. Nf5 {[%clk 0:23:35]} Rf7 {[%clk 0:48:57]} 34. Qh5
{[%clk 0:23:19]} Ngf8 {[%clk 0:45:53]} 35. Bxg5 {[%clk 0:22:13]} Re8
{[%clk 0:43:34]} 36. Qh6 {[%clk 0:20:50]} Ng6 {[%clk 0:38:28]} 37. Qxg6
{[%clk 0:20:28]} Nxg5 {[%clk 0:38:20]} 38. Qxg5 {[%clk 0:20:49]} Rh7
{[%clk 0:38:03]} 39. Qf6+ {[%clk 0:20:45]} Rg7 {[%clk 0:37:53]} 40. Bd1
{[%clk 0:49:16]} Qf7 {[%clk 1:07:25]} 41. Qxg7+ {[%clk 0:49:15]} Qxg7
{[%clk 1:07:15]} 42. Nxg7 {[%clk 0:49:38]} Kxg7 {[%clk 1:07:37]} 43. Bh5
{[%clk 0:50:00]} Re7 {[%clk 1:07:30]} 44. g4 {[%clk 0:49:14]} Kh6
{[%clk 1:06:58]} 45. Rf6+ {[%clk 0:47:59]} Kg7 {[%clk 1:07:27]} 46. g5
{[%clk 0:48:04]} 1-0

[Event "World Senior Championship S65+"]
[Site "Katerini"]
[Date "2014.10.25"]
[Round "2.30"]
[White "Korenevski, Oleg"]
[Black "Gromark, Per-Olof"]
[Result "1/2-1/2"]
[WhiteElo "1915"]
[BlackElo "2050"]
[EventDate "2014.10.24"]

1. e4 {[%clk 1:30:50]} c5 {[%clk 1:30:28]} 2. b3 {[%clk 1:31:08]} Nc6
{[%clk 1:30:03]} 3. Bb2 {[%clk 1:29:56]} e5 {[%clk 1:29:10]} 4. Nf3
{[%clk 1:29:38]} d6 {[%clk 1:29:24]} 5. Bb5 {[%clk 1:28:55]} Nge7
{[%clk 1:27:40]} 6. d3 {[%clk 1:26:53]} a6 {[%clk 1:26:50]} 7. Bxc6+
{[%clk 1:27:11]} Nxc6 {[%clk 1:26:26]} 8. O-O {[%clk 1:27:24]} g6
{[%clk 1:25:05]} 9. h3 {[%clk 1:21:27]} Bg7 {[%clk 1:25:26]} 10. Nc3
{[%clk 1:20:58]} O-O {[%clk 1:22:19]} 11. Bc1 {[%clk 1:20:09]} h6
{[%clk 1:21:08]} 12. a4 {[%clk 1:15:34]} Be6 {[%clk 1:20:10]} 13. Bd2
{[%clk 1:14:28]} Nb4 {[%clk 1:06:07]} 14. Na2 {[%clk 1:10:22]} a5
{[%clk 0:54:21]} 15. Be3 {[%clk 0:51:52]} f5 {[%clk 0:49:42]} 16. c4
{[%clk 0:50:30]} Nc6 {[%clk 0:42:00]} 17. Nc3 {[%clk 0:49:00]} Nd4
{[%clk 0:42:06]} 18. Bxd4 {[%clk 0:47:43]} exd4 {[%clk 0:40:48]} 19. Nd5
{[%clk 0:46:52]} fxe4 {[%clk 0:37:44]} 20. dxe4 {[%clk 0:47:10]} Bxd5
{[%clk 0:36:36]} 21. exd5 {[%clk 0:47:22]} Qf6 {[%clk 0:33:37]} 22. Qd3
{[%clk 0:39:16]} Qf5 {[%clk 0:32:20]} 23. Qxf5 {[%clk 0:36:54]} 1/2-1/2

[Event "World Senior Championship S65+"]
[Site "Katerini"]
[Date "2014.10.26"]
[Round "3.15"]
[White "Kolbak, Jens"]
[Black "Bondar, Leonid"]
[Result "0-1"]
[WhiteElo "2232"]
[BlackElo "2061"]
[EventDate "2014.10.24"]

1. d4 {[%clk 1:30:49]} Nf6 {[%clk 1:30:44]} 2. c4 {[%clk 1:31:04]} e6
{[%clk 1:31:11]} 3. Nc3 {[%clk 1:31:19]} Bb4 {[%clk 1:31:33]} 4. e3
{[%clk 1:31:21]} O-O {[%clk 1:31:29]} 5. Nge2 {[%clk 1:31:32]} b6
{[%clk 1:26:31]} 6. a3 {[%clk 1:31:47]} Be7 {[%clk 1:26:33]} 7. e4
{[%clk 1:28:44]} Bb7 {[%clk 1:25:58]} 8. Ng3 {[%clk 1:24:05]} d6 {[%clk 1:25:17]}
9. Be2 {[%clk 1:23:07]} d5 {[%clk 1:13:26]} 10. cxd5 {[%clk 1:19:48]} exd5
{[%clk 1:13:09]} 11. e5 {[%clk 1:19:29]} Ne4 {[%clk 1:06:29]} 12. O-O
{[%clk 1:12:32]} Nxg3 {[%clk 1:05:14]} 13. hxg3 {[%clk 1:10:20]} c5
{[%clk 1:01:17]} 14. Bf3 {[%clk 1:01:18]} Bc6 {[%clk 0:53:12]} 15. Be3
{[%clk 0:49:17]} c4 {[%clk 0:49:37]} 16. g4 {[%clk 0:47:29]} Na6 {[%clk 0:46:09]}
17. g3 {[%clk 0:41:03]} Nc7 {[%clk 0:45:19]} 18. Bg2 {[%clk 0:40:42]} b5
{[%clk 0:42:38]} 19. f4 {[%clk 0:40:32]} a5 {[%clk 0:40:30]} 20. g5
{[%clk 0:35:21]} b4 {[%clk 0:36:27]} 21. Na4 {[%clk 0:33:26]} bxa3
{[%clk 0:31:50]} 22. bxa3 {[%clk 0:33:45]} Rb8 {[%clk 0:29:42]} 23. Nc5
{[%clk 0:30:12]} Bxc5 {[%clk 0:26:43]} 24. dxc5 {[%clk 0:30:36]} Rb3
{[%clk 0:26:22]} 25. Bf2 {[%clk 0:30:39]} Qd7 {[%clk 0:21:34]} 26. Qh5
{[%clk 0:30:23]} Qe6 {[%clk 0:17:23]} 27. Bh3 {[%clk 0:27:08]} Qg6
{[%clk 0:16:54]} 28. Qg4 {[%clk 0:25:38]} h6 {[%clk 0:16:41]} 29. gxh6
{[%clk 0:23:31]} Qxg4 {[%clk 0:17:07]} 30. Bxg4 {[%clk 0:23:53]} gxh6
{[%clk 0:17:19]} 31. Bd1 {[%clk 0:23:04]} Rb2 {[%clk 0:16:19]} 32. Bf3
{[%clk 0:22:42]} Rfb8 {[%clk 0:15:56]} 33. Rad1 {[%clk 0:18:49]} R2b3
{[%clk 0:15:42]} 34. Bg2 {[%clk 0:14:36]} Rxa3 {[%clk 0:16:03]} 35. Ra1
{[%clk 0:14:57]} Rbb3 {[%clk 0:16:16]} 36. Rxa3 {[%clk 0:15:10]} Rxa3
{[%clk 0:16:45]} 37. f5 {[%clk 0:15:08]} a4 {[%clk 0:16:07]} 38. g4
{[%clk 0:14:25]} Rb3 {[%clk 0:15:25]} 39. Bd4 {[%clk 0:13:38]} Rd3
{[%clk 0:13:17]} 40. Ba1 {[%clk 0:43:34]} a3 {[%clk 0:43:20]} 41. Kh2
{[%clk 0:43:00]} Ba4 {[%clk 0:41:44]} 42. Bf3 {[%clk 0:40:20]} c3
{[%clk 0:40:19]} 43. Kg3 {[%clk 0:35:18]} Na6 {[%clk 0:36:15]} 44. Kf4
{[%clk 0:33:12]} Nxc5 {[%clk 0:35:45]} 45. e6 {[%clk 0:32:43]} f6
{[%clk 0:29:35]} 46. Bxc3 {[%clk 0:31:29]} Rxc3 {[%clk 0:29:47]} 47. Bxd5
{[%clk 0:31:53]} Kf8 {[%clk 0:29:47]} 48. Ba2 {[%clk 0:23:39]} Bc6
{[%clk 0:27:19]} 49. g5 {[%clk 0:23:00]} hxg5+ {[%clk 0:24:45]} 0-1

[Event "World Senior Championship S65+"]
[Site "Katerini"]
[Date "2014.10.27"]
[Round "4.23"]
[White "Archangelsky, Mikhail"]
[Black "Ben-Zeev, Moshe"]
[Result "1-0"]
[WhiteElo "2149"]
[BlackElo "1963"]
[EventDate "2014.10.24"]

1. d4 {[%clk 1:30:54]} d5 {[%clk 1:30:18]} 2. Nf3 {[%clk 1:31:00]} Nf6
{[%clk 1:30:34]} 3. e3 {[%clk 1:31:07]} e6 {[%clk 1:28:28]} 4. Bd3
{[%clk 1:31:19]} c5 {[%clk 1:28:19]} 5. b3 {[%clk 1:31:21]} Nc6 {[%clk 1:28:36]}
6. Bb2 {[%clk 1:31:26]} cxd4 {[%clk 1:27:09]} 7. exd4 {[%clk 1:31:21]} Bd7
{[%clk 1:24:24]} 8. a3 {[%clk 1:29:34]} Rc8 {[%clk 1:19:50]} 9. Nbd2
{[%clk 1:28:51]} Ne7 {[%clk 1:10:30]} 10. O-O {[%clk 1:22:21]} Bc6
{[%clk 1:10:05]} 11. Ne5 {[%clk 1:21:11]} g6 {[%clk 1:06:43]} 12. Qe2
{[%clk 1:15:44]} Bg7 {[%clk 1:04:14]} 13. Rae1 {[%clk 0:49:43]} O-O
{[%clk 1:04:15]} 14. Ndf3 {[%clk 0:47:13]} Be8 {[%clk 1:01:12]} 15. a4
{[%clk 0:46:05]} Kh8 {[%clk 0:59:36]} 16. Ba3 {[%clk 0:45:59]} Rc7
{[%clk 0:56:48]} 17. a5 {[%clk 0:39:33]} Rg8 {[%clk 0:53:39]} 18. Bc5
{[%clk 0:28:01]} Nc8 {[%clk 0:53:49]} 19. Ng5 {[%clk 0:25:02]} b6
{[%clk 0:53:51]} 20. axb6 {[%clk 0:25:19]} axb6 {[%clk 0:54:07]} 21. Bb4
{[%clk 0:23:54]} Nh5 {[%clk 0:50:55]} 22. Bd2 {[%clk 0:20:11]} Nd6
{[%clk 0:47:49]} 23. g4 {[%clk 0:16:30]} Nf6 {[%clk 0:48:02]} 24. f3
{[%clk 0:13:34]} Qc8 {[%clk 0:35:46]} 25. Bf4 {[%clk 0:11:14]} Bf8
{[%clk 0:30:04]} 26. c4 {[%clk 0:03:44]} h6 {[%clk 0:26:02]} 27. Nxg6+
{[%clk 0:01:48]} fxg6 {[%clk 0:26:11]} 28. Nxe6 {[%clk 0:02:10]} Bf7
{[%clk 0:17:57]} 29. Nxc7 {[%clk 0:01:55]} Qxc7 {[%clk 0:18:06]} 30. Qe5
{[%clk 0:02:14]} Kg7 {[%clk 0:16:33]} 31. h4 {[%clk 0:02:05]} Qd8
{[%clk 0:09:07]} 32. g5 {[%clk 0:02:11]} Nde8 {[%clk 0:09:24]} 33. gxf6+
{[%clk 0:01:40]} Kh8 {[%clk 0:08:52]} 34. Kh2 {[%clk 0:01:16]} Bd6
{[%clk 0:08:54]} 35. Qe3 {[%clk 0:01:33]} Qxf6 {[%clk 0:09:02]} 36. Be5
{[%clk 0:01:43]} Kh7 {[%clk 0:08:45]} 37. Kg2 {[%clk 0:01:18]} Qd8
{[%clk 0:04:00]} 38. Bxd6 {[%clk 0:01:11]} Nxd6 {[%clk 0:04:06]} 39. Qe7
{[%clk 0:01:30]} Qb8 {[%clk 0:04:08]} 40. Re6 {[%clk 0:30:55]} Qe8
{[%clk 0:33:40]} 1-0

[Event "World Senior Championship S65+"]
[Site "Katerini"]
[Date "2014.10.27"]
[Round "4.24"]
[White "Reynolds, D Ian W"]
[Black "Kiselev, Alexander"]
[Result "1-0"]
[WhiteElo "2006"]
[BlackElo "2122"]
[EventDate "2014.10.24"]

1. e4 {[%clk 1:31:21]} e5 {[%clk 1:31:14]} 2. Nf3 {[%clk 1:31:30]} Nc6
{[%clk 1:31:42]} 3. d4 {[%clk 1:31:29]} exd4 {[%clk 1:31:57]} 4. Nxd4
{[%clk 1:31:36]} Qh4 {[%clk 1:31:26]} 5. Nc3 {[%clk 1:29:59]} Bb4
{[%clk 1:30:58]} 6. Be2 {[%clk 1:28:38]} Qxe4 {[%clk 1:28:18]} 7. Ndb5
{[%clk 1:22:32]} Ba5 {[%clk 1:25:30]} 8. O-O {[%clk 1:22:14]} Qh4
{[%clk 1:22:16]} 9. Nd5 {[%clk 1:17:57]} Qd8 {[%clk 1:21:39]} 10. c3
{[%clk 1:15:11]} Nge7 {[%clk 1:20:02]} 11. Bg5 {[%clk 1:09:47]} O-O
{[%clk 1:16:54]} 12. b4 {[%clk 1:09:01]} Bb6 {[%clk 1:15:01]} 13. a4
{[%clk 1:07:35]} f6 {[%clk 1:11:58]} 14. Bf4 {[%clk 1:03:04]} Ne5
{[%clk 1:08:34]} 15. Nxe7+ {[%clk 0:59:38]} Qxe7 {[%clk 1:09:02]} 16. a5
{[%clk 0:59:37]} c6 {[%clk 1:09:00]} 17. axb6 {[%clk 0:58:53]} cxb5
{[%clk 1:09:26]} 18. Rxa7 {[%clk 0:58:09]} Rb8 {[%clk 1:09:51]} 19. Bxb5
{[%clk 0:56:27]} d6 {[%clk 1:08:37]} 20. Be3 {[%clk 0:51:12]} f5 {[%clk 1:05:10]}
21. f4 {[%clk 0:45:04]} Nc6 {[%clk 1:04:24]} 22. Re1 {[%clk 0:42:52]} Nxa7
{[%clk 1:01:00]} 23. bxa7 {[%clk 0:43:12]} Ra8 {[%clk 1:01:11]} 24. Bc5
{[%clk 0:39:34]} Qh4 {[%clk 0:56:27]} 25. g3 {[%clk 0:38:30]} Qf6
{[%clk 0:55:41]} 26. Bc4+ {[%clk 0:36:32]} Kh8 {[%clk 0:55:59]} 27. Qxd6
{[%clk 0:36:05]} Rd8 {[%clk 0:55:30]} 28. Qxf6 {[%clk 0:35:44]} gxf6
{[%clk 0:55:58]} 29. Be7 {[%clk 0:34:59]} 1-0